Refugios psíquicos: organizaciones patológicas en pacientes psicóticos, neuróticos y fronterizos
Guardat en:
| Autor principal: | |
|---|---|
| Format: | Llibre |
| Idioma: | espanyol |
| Publicat: |
Madrid
Biblioteca Nueva
1997
|
| Col·lecció: | Psicoanálisis
|
| Matèries: | |
| Etiquetes: |
Afegir etiqueta
Sense etiquetes, Sigues el primer a etiquetar aquest registre!
|
MARC
| LEADER | 00000nam a2200000 a 4500 | ||
|---|---|---|---|
| 001 | UCL9521 | ||
| 003 | CL-VaPUC | ||
| 008 | 040813e19970000SP |||||||||||||||||spa|d | ||
| 020 | |a 8470304623 | ||
| 082 | 0 | 4 | |a 616.89 |b STE |2 21 |
| 100 | 0 | |a Steiner, John |e author |9 487391 | |
| 245 | 1 | 0 | |a Refugios psíquicos: organizaciones patológicas en pacientes psicóticos, neuróticos y fronterizos |
| 300 | |a 270 p | ||
| 942 | |c BK | ||
| 945 | |d 20040813 00:00:00 |a cmena | ||
| 260 | |a Madrid |b Biblioteca Nueva |c 1997 | ||
| 650 | 0 | |a Psicología clínica |9 307259 | |
| 650 | 0 | |a Trastornos del comportamiento |9 311363 | |
| 650 | 0 | |a Trastornos de la personalidad |9 307698 | |
| 650 | 0 | |a Psicopatología |9 307473 | |
| 583 | |a last modification |c 20040813 00:00:00 |k Rodrigo Vera | ||
| 490 | 0 | |a Psicoanálisis | |
| 999 | |c 310287 |d 310285 | ||
| 952 | |0 0 |1 0 |4 0 |6 616_890000000000000_STE_1997 |7 0 |8 A |9 378580 |a BIBEDU |b BIBEDU |d 2019-11-21 |i 404830K |l 2 |o 616.89 STE 1997 |p 404830K |r 2022-05-25 |s 2022-05-25 |w 2019-11-21 |y BK |k PSI | ||